| Tag |
First Indicator |
Second Indicator |
Subfields |
| LEADER |
00000cam a22000008i 4500 |
| 001 |
in00000067082 |
| 005 |
20151008051309.0 |
| 008 |
790326s1980 nyu b 00110 eng |
| 010 |
|
|
|a 79012326
|
| 020 |
|
|
|a 0877054150
|
| 035 |
|
|
|a (OCoLC)04857949
|
| 035 |
|
|
|9 AAG7037AM
|
| 040 |
|
|
|a DLC
|c DLC
|d VET
|d TXA
|d UtOrBLW
|
| 043 |
|
|
|a n-us---
|
| 049 |
|
|
|a TXAM
|c [1497370]
|
| 050 |
0 |
0 |
|a R726.8
|b .D85
|
| 082 |
0 |
|
|a 616
|
| 096 |
|
|
|a WY 152 D85 1979
|
| 100 |
1 |
|
|a DuBois, Paul M.
|
| 245 |
1 |
4 |
|a The hospice way of death /
|c Paul M. DuBois.
|
| 263 |
|
|
|a 7910
|
| 264 |
|
1 |
|a New York :
|b Human Sciences Press,
|c [1980]
|
| 264 |
|
4 |
|c ©1980
|
| 300 |
|
|
|a 223 pages ;
|c 22 cm.
|
| 336 |
|
|
|a text
|b txt
|2 rdacontent
|
| 337 |
|
|
|a unmediated
|b n
|2 rdamedia
|
| 338 |
|
|
|a volume
|b nc
|2 rdacarrier
|
| 500 |
|
|
|a Includes index.
|
| 504 |
|
|
|a Bibliography: pages 187-207.
|
| 650 |
|
0 |
|a Terminal care.
|
| 650 |
|
0 |
|a Terminal care facilities.
|
| 650 |
|
0 |
|a Terminal care
|z United States.
|
| 650 |
|
2 |
|a Terminal Care.
|
| 650 |
|
2 |
|a Attitude to Death.
|
| 999 |
|
|
|a MARS
|
| 999 |
f |
f |
|s ac56f570-ab2e-3744-9fcc-d123e1dcba3c
|i a3aecc47-1298-39c8-8096-611cab1f4af0
|t 0
|
| 952 |
f |
f |
|p ric
|a Texas A&M University
|b Rellis Campus
|c Joint Library Facility
|d Remote Storage
|t 0
|e R726.8 .D85
|h Library of Congress classification
|i unmediated -- volume
|m A14805058495
|
| 998 |
f |
f |
|a R726.8 .D85
|t 0
|l Remote Storage
|